Winston Churchill Quote Quiz - Statistics

General Stats
  • This quiz has been taken 93 times
  • The average score is 7 of 15
Answer Stats
Quote Word % Correct
I have nothing to offer but blood, toil, tears and _____. sweat
93%
This was their _____ hour. finest
92%
Now this is not the end. It is not even the _____ of the end. But it is, perhaps, the end of the _____. beginning
83%
We shall never _____! surrender
79%
You ask what is our aim? I can answer in one word: _____. _____ at all costs. _____ in spite of all terror. _____ however long and hard the road may be. For without _____ there is no survival. victory
69%
__ _____ fight on the beaches, __ _____ fight on the landing grounds, __ _____ fight in the fields and in the streets, __ _____ fight in the hills. we shall
61%
_____ is what it takes to stand up and speak; _____ is also what it takes to sit down and listen. courage
59%
I may be drunk, Miss, but in the morning I will be sober and you will still be _____. ugly
49%
If you’re going through hell, _____ _____. keep going
35%
You have _____? Good. It means you’ve stood up for something, sometime in your life. enemies
24%
W... _____ ___ _____, whatever the cost may be defend our island
11%
_____ is a little thing that makes a big difference. attitude
6%
_____ is not final, _____ is not fatal: it is the courage to continue that counts. success, failure
6%
We make a _____ by what we get, but we make a _____ by what we give. living, life
4%
_____ _____ – not strength or intelligence – is the key to unlocking our potential. continuous effort
3%
No matching quizzes found
Score Distribution
Percent of People with Each Score
Percentile by Number Answered
Your Score History
You have not taken this quiz